| 000 | 02266cam a22006134i 4500 | ||
|---|---|---|---|
| 003 | PE-LiUPU | ||
| 005 | 20250731170415.0 | ||
| 008 | 170530s2016 sp r 000 0 spa d | ||
| 020 | _a849077434X | ||
| 020 | _a9788490774342 | ||
| 035 | _a(Sirsi) a204160 | ||
| 040 |
_aPE-LiUPU _bspa _cPE-LiUPU _erda |
||
| 049 | _aPRUA | ||
| 082 | 0 | 4 |
_a174.9 _bP95 _220 |
| 100 | 1 |
_aPulido Polo, Marta, _eautor. |
|
| 245 | 1 | 0 |
_aManual de organización de actos oficiales y empresariales / _cMarta Pulido Polo. |
| 264 | 1 |
_aMadrid : _bSINTESIS, _c2016. |
|
| 300 |
_a206 páginas : _bilustraciones ; _c23 centímetros. |
||
| 336 |
_atext _2rdacontent |
||
| 337 |
_aunmediated _2rdamedia |
||
| 338 |
_avolume _2rdacarrier |
||
| 490 | 0 | _aManuales. | |
| 504 | _aBibliografía : páginas 203-206. | ||
| 505 | 0 | _aLas relaciones públicas -- La organización de actos como técnica de relaciones públicas -- Los conceptos clave en la organización de actos -- Las presidencias -- Las precedencias -- Las recepciones, las despedidas y la disposición de banderas -- La organización de mesas de reunión y negociación, almuerzos y cenas -- La planificación estratégica de los actos oficiales y corporativos. | |
| 526 | _aSEG68 | ||
| 526 | _aSEG70 | ||
| 526 | _aSEG69 | ||
| 526 | _aSEG67 | ||
| 526 | _aSEG43 | ||
| 526 | _aP144 | ||
| 526 | _aP143 | ||
| 526 | _aP131 | ||
| 526 | _aP122 | ||
| 526 | _aP120 | ||
| 526 | _aP117 | ||
| 526 | _aP112 | ||
| 526 | _aP110 | ||
| 526 | _aP106 | ||
| 526 | _aP101 | ||
| 526 | _aP80 | ||
| 526 | _aP59 | ||
| 526 | _aP54 | ||
| 526 | _aP35 | ||
| 526 | _aP33 | ||
| 526 | _aP30 | ||
| 541 | _g001-00373; | ||
| 650 | 0 | 4 | _aOrganización. |
| 910 |
_ajck _bncf _cncf _d20170530 |
||
| 942 |
_2ddc _cBOOK |
||
| 949 |
_a174.9 P95 _wDEWEY _c1 _i76096 _lCCODEBUL1 _mBUL _p42.59 _r0 _sY _tBOOK _u2017-05-30 _xIEDUCACION _PP07 _0COMPRA _o.STAFF. Colección Ciencias Humanas y Educación |
||
| 994 |
_aC0 _bPEPRU |
||
| 596 | _a1 | ||
| 999 |
_a174.9 P95 _wDEWEY _c20536 _i76096 _f2021-11-8 _g4 _lCCODEBUL1 _mBUL _p42.59 _r0 _sY _tBOOK _u2017-5-30 _xEDUCACION _PP07 _0COMPRA _o.STAFF. Colección Ciencias Humanas y Educación _d20536 |
||
| 980 |
_81 _gALBERTO SANCHEZ Responsable de Automatización |
||